Language Quiz

Random Language or Spanish Quiz
Score 0/20 Timer 10:00
0 Plays Today
% Correct
You want
85%
I prefer
81.7%
They want
80%
I begin
73.3%
You think
68.3%
You prefer
66.7%
I close
66.7%
We begin
65%
We understand
63.3%
They prefer
63.3%
% Correct
He
61.7%
I think
61.7%
He
60%
I understand
58.3%
He
56.7%
He
56.7%
They begin
55%
We think
50%
He
48.3%
You all understand
48.3%
Remove Ads.
Support Sporcle.
Get the best of Sporcle when you Go Orange. This ad-free experience offers more features, more stats, and more fun while also helping to support Sporcle. Thank you for becoming a member.

You're not logged in!

Compare scores with friends on all Sporcle quizzes.
OR
Log In

Show Comments

Extras

Created Jan 22, 2015ReportNominate
Tags:Spanish Quiz, Conjugating, Verbs

Top Quizzes Today


Score Distribution

Your Account Isn't Verified!

In order to create a playlist on Sporcle, you need to verify the email address you used during registration. Go to your Sporcle Settings to finish the process.

Report this User

Report this user for behavior that violates our Community Guidelines.

Details: